000 00547nam a2200169Ia 4500
008 220216s9999 xx 000 0 und d
100 _aKrishan B
245 0 _aGrowth assessment of popular clones of natural rubber (Hevea brasiliensis) under warm dry climatic conditions of Chattisgarh state, Central India
260 _bJournal of Experimental Biology and Agricultural Sciences
_c2015
650 _aClones
650 _aDry climate
650 _aGirth
650 _aGirth increment
650 _aGrowth
650 _aSeasons
942 _cBS
999 _c49093
_d49093